All Pokemon Starters - Statistics

General Stats
  • This quiz has been taken 1,053 times
  • The average score is 15 of 18
Answer Stats
Hint Answer % Correct
Grass Bulbasaur
98%
Fire Charmander
96%
Water Squirtle
94%
Water Mudkip
83%
Fire Torchic
83%
Grass Chikorita
82%
Water Piplup
81%
Grass Snivy
80%
Fire Chimchar
79%
Fire Cyndaquil
79%
Fire Tepig
79%
Grass Treecko
79%
Water Totodile
78%
Grass Turtwig
78%
Water Froakie
75%
Grass Chespin
74%
Water Oshawott
74%
Fire Fennekin
70%
No matching quizzes found
Score Distribution
Percent of People with Each Score
Percentile by Number Answered
Your Score History
You have not taken this quiz